[Event "Let's Play Chess!"]
[Site "http://www.queenalice.com/game.php?id=75755"]
[Date "2006.6.12"]
[Round "-"]
[White "Ando"]
[Black "BogusBogart"]
[Result "1-0"]
[WhiteElo "1964"]
[BlackElo "2066"]

1. e4 e5 2. Nf3 Nc6 3. d4 exd4 4. Nxd4 Bc5 5. Nf5 Qf6 6. Nc3 Nge7 7. Be3 Nxf5 8.
Bxc5 Qe5 9. Qd5 Qxd5 10. Nxd5 Nfd4 11. Nxc7+ Kd8 12. Nxa8 Nxc2+ 13. Kd2 Nxa1 14.
Bd3 Re8 15. Bd6 Re6 16. Bc7+ Ke8 17. Bg3 1-0

[Event "Let's"]
[Site "http://www.queenalice.com/game.php?id=75836"]
[Date "2006.6.12"]
[Round "-"]
[White "Mirok"]
[Black "Ando"]
[Result "1-0"]
[WhiteElo "2113"]
[BlackElo "1887"]

1. e4 e5 2. Nf3 Nf6 3. Nxe5 Qe7 4. d4 d6 5. Nf3 Qxe4+ 6. Be2 Bf5 7. Na3 d5 8.
Nb5 Na6 9. c3 c6 10. O-O Qe6 11. Re1 Be7 12. Na3 Nc7 13. Nc2 1-0

[Event "warm-up"]
[Site "http://www.queenalice.com/game.php?id=75851"]
[Date "2006.6.12"]
[Round "-"]
[White "Ando"]
[Black "Bisontin"]
[Result "0-1"]
[WhiteElo "1987"]
[BlackElo "2085"]

1. e4 c5 2. Nc3 Nc6 3. Nge2 e6 4. d4 cxd4 5. Nxd4 a6 6. Be3 Nf6 7. f4 Bb4 8. Bd3
d6 9. Nxc6 bxc6 10. O-O e5 11. Na4 Ng4 12. Bb6 Bc5+ 13. Bxc5 dxc5 14. Be2 Qxd1
15. Rfxd1 Ne3 16. Rd6 exf4 17. Nxc5 Ke7 18. Rxc6 Rd8 19. e5 Rd2 20. Bf3 Rb8 21.
a3 Bg4 0-1

[Event "warm-up"]
[Site "http://www.queenalice.com/game.php?id=75852"]
[Date "2006.6.12"]
[Round "-"]
[White "Bisontin"]
[Black "Ando"]
[Result "1-0"]
[WhiteElo "2072"]
[BlackElo "2003"]

1. e4 e5 2. Nf3 Nf6 3. Nxe5 Qe7 4. d4 d6 5. Nf3 Qxe4+ 6. Be2 Be7 7. O-O O-O 8.
Re1 Qc6 9. Nc3 d5 10. Bf4 Qb6 11. Bd3 Re8 12. Nb5 Na6 13. a4 c6 14. Nd6 Bxd6 15.
Bxd6 Ne4 16. Bf4 Bg4 17. a5 Qb4 18. Qc1 Bxf3 19. c3 Qf8 20. gxf3 Nf6 21. Qc2 h6
22. Bxa6 1-0

[Event "Challenge"]
[Site "http://www.queenalice.com/game.php?id=75854"]
[Date "2006.6.12"]
[Round "-"]
[White "Ando"]
[Black "tewald"]
[Result "1-0"]
[WhiteElo "1943"]
[BlackElo "1768"]

1. e4 e5 2. Bc4 Nf6 3. d4 exd4 4. Nf3 Bc5 5. O-O O-O 6. Qd3 Nc6 7. Bg5 h6 8. Bh4
Be7 9. Re1 Nh7 10. Bxe7 Qxe7 11. Nbd2 d6 12. Nxd4 Ne5 13. Qg3 c5 14. Nb5 a6 15.
Nc3 Kh8 16. f4 Nxc4 17. Nxc4 b5 18. Nb6 Rb8 19. Ncd5 Qd8 20. Nxc8 Rxc8 21. Ne3
Re8 22. Nf5 Qf6 23. Rad1 Rcd8 24. Rd5 Nf8 25. Qd3 Ng6 26. g3 Ne7 27. Rxd6 Rxd6
28. Nxd6 Rf8 29. e5 Qg6 30. Qxg6 Nxg6 31. Re3 Kg8 32. Ra3 Ne7 33. Rxa6 Nd5 34.
Rc6 c4 35. Rc5 1-0

[Event "Let's Play Chess!"]
[Site "http://www.queenalice.com/game.php?id=75864"]
[Date "2006.6.12"]
[Round "-"]
[White "jcmoniz"]
[Black "Ando"]
[Result "0-1"]
[WhiteElo "1366"]
[BlackElo "2047"]

1. e4 e5 2. Nf3 Nf6 3. Nc3 Nc6 4. Bc4 Nxe4 5. Qe2 Nxc3 6. Bxf7+ Kxf7 7. Qc4+ d5
8. Qxc3 e4 9. Nd4 Qg5 10. Nxc6 Qxg2 11. Ne5+ Kg8 12. Qxc7 Qxh1+ 13. Ke2 Be6 14.
d3 Rc8 15. Qxb7 Rxc2+ 0-1

[Event "AUTO-ELITE-60"]
[Site "http://www.queenalice.com/game.php?id=76080"]
[Date "2006.6.13"]
[Round "1"]
[White "mett"]
[Black "Ando"]
[Result "1-0"]
[WhiteElo "2009"]
[BlackElo "1920"]

1. Nf3 d5 2. d4 Bf5 3. g3 e6 4. Bg2 Nf6 5. O-O Be7 6. c4 dxc4 7. Qa4+ c6 8. Qxc4
Nbd7 9. Qb3 Nb6 10. Nc3 Qd6 11. Bf4 Qb4 12. Qxb4 Bxb4 13. a3 Bxc3 14. bxc3 Nbd5
15. c4 Nxf4 16. gxf4 Ne4 17. Rac1 Rd8 18. Rfd1 h6 19. Nh4 1-0

[Event "AUTO-ELITE-60"]
[Site "http://www.queenalice.com/game.php?id=76081"]
[Date "2006.6.13"]
[Round "1"]
[White "Ando"]
[Black "mett"]
[Result "0-1"]
[WhiteElo "1907"]
[BlackElo "2021"]

1. e4 c5 2. Nf3 d6 3. d4 cxd4 4. Bb5+ Bd7 5. Nxd4 Nf6 6. Nc3 a6 7. Bc4 e6 8. O-O
Qc7 9. Bd3 Be7 10. Qf3 Nc6 11. Nxc6 Bxc6 12. Bf4 O-O 13. Qh3 h6 14. Rfe1 e5 15.
Bd2 b5 16. Qf3 Qb7 17. b4 Rfe8 18. a3 Bf8 0-1

[Event "AUTO-ELITE-60"]
[Site "http://www.queenalice.com/game.php?id=76096"]
[Date "2006.6.13"]
[Round "1"]
[White "eliasdiniz"]
[Black "Ando"]
[Result "0-1"]
[WhiteElo "1722"]
[BlackElo "2015"]

1. e4 e5 2. f4 exf4 3. Bc4 Qh4+ 4. Kf1 Qf6 5. d4 Ne7 6. Nc3 d6 7. Nf3 Bg4 8. Kf2
Bxf3 9. Kxf3 Nbc6 10. Ne2 O-O-O 11. Rf1 d5 12. e5 Qh4 13. Bxf4 dxc4 14. Bg3 Qg5
15. c3 f6 16. exf6 Nf5 17. Bf4 Qxf6 18. Kf2 g5 19. Bg3 Nxg3+ 20. Kxg3 Bd6+ 0-1

[Event "AUTO-ELITE-60"]
[Site "http://www.queenalice.com/game.php?id=76097"]
[Date "2006.6.13"]
[Round "1"]
[White "Ando"]
[Black "eliasdiniz"]
[Result "1-0"]
[WhiteElo "2005"]
[BlackElo "1728"]

1. e4 c5 2. Nf3 Nf6 3. e5 Nd5 4. d4 e6 5. dxc5 Nc6 6. c4 Ndb4 7. a3 Na6 8. Nc3
Qa5 9. Be3 Bxc5 10. b4 Bxb4 11. axb4 Qxb4 12. Qc1 Nc5 13. Rb1 Nb3 14. Qc2 Nca5
15. Nd2 1-0

[Event "AUTO-ELITE-60"]
[Site "http://www.queenalice.com/game.php?id=76108"]
[Date "2006.6.13"]
[Round "1"]
[White "Ando"]
[Black "amore"]
[Result "0-1"]
[WhiteElo "1972"]
[BlackElo "1744"]

1. e4 g6 2. d4 c6 3. Nf3 d6 4. Bc4 Bg7 5. Nc3 Bg4 6. Bxf7+ Kf8 7. h3 Kxf7 8.
Ng5+ Ke8 9. Qxg4 Nf6 10. Qe6 Rf8 11. e5 dxe5 12. dxe5 h6 13. exf6 Rxf6 14. Qg8+
Bf8 0-1

[Event "AUTO-ELITE-60"]
[Site "http://www.queenalice.com/game.php?id=76109"]
[Date "2006.6.13"]
[Round "1"]
[White "amore"]
[Black "Ando"]
[Result "1-0"]
[WhiteElo "1796"]
[BlackElo "1944"]

1. e4 e5 2. Nf3 Nf6 3. Nc3 Nc6 4. Bc4 Nxe4 5. Nxe4 d5 6. Qe2 dxc4 7. Qxc4 Be6 8.
Qc3 Qd5 9. d3 Bb4 10. Qxb4 Nxb4 11. Kd2 O-O-O 12. Ne1 Qxe4 13. f3 Qd4 14. a3 1-0

[Event "QA-ANNIV-02"]
[Site "http://www.queenalice.com/game.php?id=76876"]
[Date "2006.6.15"]
[Round "1"]
[White "lsdr"]
[Black "Ando"]
[Result "1-0"]
[WhiteElo "1287"]
[BlackElo "2047"]

1. e4 e5 2. Bc4 Nf6 3. Nf3 Nxe4 4. O-O d5 5. Bb5+ c6 6. Ba4 Nc5 7. Nxe5 Nxa4 8.
Qf3 Be6 9. b3 Nc5 10. Ba3 Nbd7 11. Re1 Nxe5 12. Rxe5 Qh4 13. Rh5 Qd4 14. c3 Qd3
15. b4 Qxf3 16. gxf3 Nd3 17. c4 dxc4 18. Nc3 a5 19. Ne4 axb4 20. Bc1 b3 21. Rb1
bxa2 22. Ra1 g6 23. Re5 Nxe5 24. Nf6+ Ke7 25. Ne4 Nd3 26. f4 1-0